00777nam a22002057a 450000500170000001000130001702000260003003500130005603700160006908200160008510000280010124500990012926000390022827000790026730000200034650000120036694200300037899900190040895201440042720240408155251.0 aB-758618 c550.00a9780761995418 aB-758618 bGift/Unesco a306.0954792 aPrabhu, K. Seeta964407 aEconomic Reform and Social Sector Development;bA Study of Two Indian States/cK. Seeta Prabhu aNew DelhibSage Publicationsc2001 aB1/1-1 Mohan Cooprative Industrial Area, Mathura Road ,bNew Delhie110044 a371p.c22cm(Hb) a index. 2ddccENh306.0954792mPRA c201980d201980 001040708NFICaLbLd2024-04-08eGift/4.4.24g550.00l0o306.0954792 PRApB-758618r2024-04-08 00:00:00t1v550.00w2024-04-08yENzGift